Представление документа в формате RUSMARC

ПолеНазваниеЗначение
  Тип записи c
  Библиографический уровень m
001 Контрольный номер UONB/MAIN/0063c78e7652478093e76926b2c0d0cf
005 Дата корректировки 20240816113342.8
010 Индекс ISBN __
9 Тираж 10000 экз.
013 Номер (ISMN) __
d Цена 60 к.
071 Издательские номер (звукозапись и ноты) 21
a Номер, присвоенный агентством 11392
100 Данные общей обработки __
a Данные общей обработки 20240816d1981 u y0rusy0189 ca
101 Язык документа 0_
a Язык текста rus
f Язык титульного листа rus
102 Страна публикации __
a Страна публикации RU
125 Кодированные данные звукозаписи и нотных изданий __
a Форма изложения нотного текста с
128 Кодированные данные (звукозаписи-физические характеристики) __
a Кодированные данные: Музыкальная форма и тональность или лад sg
c Инструменты или голоса, рекомендуемые для солистов (устаревшее) vu
200 Заглавие и сведения об ответственности 1_
a Заглавие Сибирь советская
e Сведения, относящиеся к заглавию песни для голоса в сопровождении фортепиано (баяна, гитары)
203 Вид содержания и тип средства __
a Вид содержания Музыка
b Характеристика содержания знаковая
c Тип средства непосредственная
210 Выходные данные 1_
a Место издания Москва
c Издательство Музыка
d Дата издания 1981
215 Физическое описание __
a Объем 47 с.
d Формат 29 см
327 Примечание о содержании 11
a Примечание о содержании Содерж.: Туликов С. Родная Сибирь / сл. Ц. Солодаря. - Пушков В. Тайга золотая : из кф. "Тайга золотая" / сл. А. Прокофьева. - Дубравин Я. Сибирский край / сл. В. Гина. - Фельцман О. БАМ (Байкало-Амурская магистраль) / сл. Р. Рождественского. - Безруких А. Красноярские зори / сл. В. Шленского. - Пахмутова А. ЛЭП-500 / сл. С. Гребенникова и Н. Добронравова. - Казановский Е. Пою о тебе, Приморье мое / сл. Л. Французова. - Новиков Ан. Байкало-Амурская / сл. П. Градова. - Заволокин А., Заволокин Г. В таежном поселке / сл. В. Малкова. - Фаттах А. Хороши вечера на Оби / сл. В. Семернина. - Иванов О. Поезд юности / сл. Л. Ошанина.
464 Аналитический уровень _0
1 700 1
a Туликов
b С.
1 702 1
a Солодарь
b Ц.
4 520
1 2001
a Родная Сибирь
1 036
t Родные просторы, таежная ширь...
464 Аналитический уровень _0
1 700 1
a Пушков
b В.
1 702 1
a Прокофьев
b А.
4 520
1 2001
a Тайга золотая
e из кф. "Тайга золотая"
1 036
t Коль жить да любить все печали расстают...
1 50010
a Тайга золотая
464 Аналитический уровень _0
1 700 1
a Дубравин
b Я.
1 702 1
a Гин
b В.
4 520
1 2001
a Сибирский край
1 036
t По жизни мы уверенно идем...
464 Аналитический уровень _0
1 700 1
a Фельцман
b О.
1 702 1
a Рождественский
b Р.
4 520
1 2001
a БАМ (Байкало-Амурская магистраль)
1 036
t Солнце в небе светит мудро...
464 Аналитический уровень _0
1 700 1
a Безруких
b А.
1 702 1
a Шленский
b В.
4 520
1 2001
a Красноярские зори
1 036
t Широко, по-сибирски...
464 Аналитический уровень _0
1 700 1
a Пахмутова
b А.
1 702 1
a Гребенников
b С.
4 520
1 702 1
a Добронравов
b Н.
4 520
1 2001
a ЛЭП-500
1 036
t Седина в проводах от инея...
464 Аналитический уровень _0
1 700 1
a Казановский
b Е.
1 702 1
a Французов
b Л.
4 520
1 2001
a Пою о тебе, Приморье мое
1 036
t В рассветный час над синими волнами...
464 Аналитический уровень _0
1 700 1
a Новиков
b Ан.
1 702 1
a Градов
b П.
4 520
1 2001
a Байкало-Амурская
1 036
t Там, где таежные кедры...
464 Аналитический уровень _0
1 700 1
a Заволокин
b А.
1 701 1
a Заволокин
b Г.
1 702 1
a Малков
b В.
4 520
1 2001
a В таежном поселке
1 036
t Живем мы в таежном поселке...
464 Аналитический уровень _0
1 700 1
a Фаттах
b А.
1 702 1
a Семернин
b В.
4 520
1 2001
a Хороши вечера на Оби
1 036
t Хороши вечера на Оби!..
464 Аналитический уровень _0
1 700 1
a Иванов
b О.
1 702 1
a Ошанин
b Л.
4 520
1 2001
a Поезд юности
1 036
t Рано или поздно все сугробы тают...
512 Заглавие обложки 1_
a Заглавие обложки Сибирь советская
606 Тематические рубрики 0_
a Основная рубрика Сольное пение
x Основная подрубрика Песни советских композиторов
610 Ключевые слова 0_
a Ключевые слова сольное пение; песни советских композиторов
686 Индексы других классификаций __
a Классификационный индекс 85.943.4-42-041(2)я43
2 Код системы rubbk
801 Источник записи _0
a Страна RU
b Организация Ульяновская ОНБ
c Дата составления 20240816
g Правила каталогизации RCR
801 Источник записи _1
a Страна RU
b Организация Ульяновская ОНБ
c Дата составления 20240816
g Правила каталогизации RCR
901 Тип документа __
t Тип документа m
909 Создатель записи __
b Дата создания записи 20240816
a Создатель записи Грязнова И. Е.